Libros, prensa y lectura en la España del siglo XIX / (Record no. 9489)

MARC details
000 -LEADER
campo de control de longitud fija 01029nam a2200289 i 4500
001 - NÚMERO DE CONTROL
campo de control 9489
003 - IDENTIFICADOR DE NÚMERO DE CONTROL
campo de control ES-MaACL
005 - FECHA Y HORA DE LA ÚLTIMA TRANSACCIÓN
campo de control 20250824201530.0
007 - CAMPO FIJO DE DESCRIPCIÓN FÍSICA--INFORMACIÓN GENERAL
campo de control de longitud fija t|
008 - DATOS DE LONGITUD FIJA--INFORMACIÓN GENERAL
campo de control de longitud fija 931001s1993 sp ||||1| spa d
020 ## - NÚMERO INTERNACIONAL ESTÁNDAR DEL LIBRO
Número Internacional Estándar del Libro 84-86168-76-7(F.G.S.R.)
020 ## - NÚMERO INTERNACIONAL ESTÁNDAR DEL LIBRO
Número Internacional Estándar del Libro 84-368-0738-3(Pirámide)
080 ## - NÚMERO DE LA CLASIFICACIÓN DECIMAL UNIVERSAL
Número de la Clasificación Decimal Universal 002(46)"18"
080 ## - NÚMERO DE LA CLASIFICACIÓN DECIMAL UNIVERSAL
Número de la Clasificación Decimal Universal 070.1(46)"18"
100 1# - ENTRADA PRINCIPAL--NOMBRE DE PERSONA
Nombre de persona Botrel, Jean-François.
9 (RLIN) 30790
245 10 - MENCIÓN DEL TÍTULO
Título Libros, prensa y lectura en la España del siglo XIX /
Mención de responsabilidad, etc. Jean-François Botrel ; traducción de los estudios inicialmente escritos en francés, David Torra Ferrer.
260 ## - PUBLICACIÓN, DISTRIBUCIÓN, ETC.
Lugar de publicación, distribución, etc. Madrid :
Nombre del editor, distribuidor, etc. Fundación Germán Sánchez Ruipérez :
-- Pirámide,
Fecha de publicación, distribución, etc. D.L. 1993.
300 ## - DESCRIPCIÓN FÍSICA
Extensión IV,682 p. :
Otras características físicas il. ;
Dimensiones 22 cm.
490 1# - MENCIÓN DE SERIE
Mención de serie Biblioteca del libro ;
Designación de volumen o secuencia 53
500 ## - NOTA GENERAL
Nota general Indices.
650 14 - PUNTO DE ACCESO ADICIONAL DE MATERIA--TÉRMINO DE MATERIA
Término de materia o nombre geográfico como elemento de entrada Libros-
Subdivisión geográfica España-
Subdivisión cronológica S.XIX.
9 (RLIN) 14433
650 14 - PUNTO DE ACCESO ADICIONAL DE MATERIA--TÉRMINO DE MATERIA
Término de materia o nombre geográfico como elemento de entrada Prensa-
Subdivisión geográfica España-
Subdivisión cronológica S.XIX.
9 (RLIN) 16359
700 1# - ENTRADA AGREGADA--NOMBRE PERSONAL
Nombre de persona Torra Ferrer, David.
9 (RLIN) 110706
830 00 - PUNTO DE ACCESO ADICIONAL DE SERIE-TÍTULO UNIFORME
Título uniforme Biblioteca del libro
Designación de volumen o secuencia 53
9 (RLIN) 177916
852 ## - LOCALIZACIÓN
Ubicación ES-MaACL
Número de control de estantería L-16765
Sublocalización o colección R.121541
Holdings
Estatus retirado Estado de pérdida Estado de daño No para préstamo Biblioteca de origen Biblioteca actual Ubicación en estantería Fecha de adquisición Fuente de adquisición Total de préstamos Signatura topográfica completa Código de barras Visto por última vez Precio de reemplazo Tipo de ítem Koha
        Biblioteca del Ateneo de Madrid Biblioteca del Ateneo de Madrid Depósito 2 17/01/2008     L-16765 1009682 23/02/2023 23/02/2023 Libro impreso